| 000 | 00445nam a2200181Ia 4500 | ||
|---|---|---|---|
| 008 | 210210b2010 xxu||||| |||| 00| 0 eng d | ||
| 020 | _a9788126913053 | ||
| 041 | _aeng | ||
| 082 | _a822.009 BATH | ||
| 100 | _aBATTY (Mark) | ||
| 245 | _aHarold Pinter | ||
| 260 |
_aNew Delhi _bAtlantic Publisher & Distributors _c2010 |
||
| 300 | _ax,134 | ||
| 650 | _aPinter | ||
| 650 | _aHarold | ||
| 690 | _aEnglish Drama Criticism | ||
| 906 | _a073489 | ||
| 999 |
_c123323 _d123323 |
||